000 00806nam a2200325Ia 4500
001 6159
005 20240113233905.0
007 ta
008 050624s1966 a g b000 u eng u
020 _cPB
040 _aCotton College,Assam
041 _aeng
082 _a531
_bL 231 F
100 _aLandua, LD .
245 0 _aFluid Mechanics /
_cL.D. Landua & E.M. Lifshitz.
_hTextual Documents
250 _a1st ed. /
260 _aLondon :
_bPergamon Press ,
_c1966.
300 _axii, 536p. :
_bill. ;
_c25cm .
504 _aIndex
653 _aPhysics
653 _aFluid Mechanics
653 _aMechanics-Fluid
653 _aPG-Physics
653 _aG-Physics
700 _aLifshitz, E.M. .
942 _2ddc
_cBK
999 _c6146
_d6146